000 01072nam a22003257a 4500
003 CHAP
005 20220329143340.0
008 081029s2007 uk a r 00010 eng d
010 _a95322
011 _a96294
020 _a9781904933342
035 _a106942
040 _cCHAP
082 0 4 _a593.19
_bA52
100 1 _aAjioka, James Warren
_e, ed.
_93169
245 1 0 _aToxoplasma :
_bmolecular and cellular biology
_c/ed. by James W. Ajioka and Dominique Soldati
260 _aNorfolk, UK :
_bHorizon Bioscience,
_cc2007
300 _axviii, 625 p. :
_bilus.
590 _aBATCH-UPD
_b10
_c20130110
_lUCH01
_h0751
590 _aBATCH-UPD
_b10
_c20130410
_lUCH01
_h0431
590 _aBATCH-UPD
_b10
_c20130913
_lUCH01
_h2325
590 _aCONVERSION
_b10
_c20130109
_lUCH01
_h1353
650 0 4 _aBiofĂ­sica.
_912735
650 0 4 _aCitologĂ­a.
_923489
650 1 4 _aToxoplasma gondii.
_9114463
700 1 _aSoldati, Dominique
_e, ed.
_9108389
901 _aBK
942 _cLIBRO
949 _a593.19 A52
_bBC
_cLIBRO
_d33724002068975
_eLIBRO
_gI.241151
_h109794
_i106942
_sb
_t$2969.45
999 _c95322
_d95322